000 01558nam2a2200265 4500
001 RU\NLR\BIBL_A\022041220
005 20250625095625.0
035 _a(NLR Aleph) 022041220
090 _a12570064
_c12570064
100 _a20231004d2023 |||y0rusy50 ca
101 0 _arus
_deng
102 _aRU
105 _aa z 000yy
200 1 _aМатериалы XIII Международной научно-практической конференции (Благовещенск, Хэйхэ. 26-28 мая 2023 г.)
210 _d2023
_aБ. м.
215 _a536 с.
_cил.
_d29
300 _aРез. на англ. яз.
320 _aБиблиогр. в конце ст. и в подстроч. примеч.
461 0 _1001RU\NLR\BIBL_A\016210669
_12001#$aРоссия и Китай: история и перспективы сотрудничества$fФГБОУ ВО "Благовещ. гос. пед. ун-т"$vВып. 13
_912706076
_cБлаговещенск
_d2022 -
_fФГБОУ ВО "Благовещ. гос. пед. ун-т"
_nИзд-во БГПУ
_tРоссия и Китай: история и перспективы сотрудничества
_x2782-3768
_vВып. 13
711 1 2 _a"Россия и Китай: история и перспективы сотрудничества", международная научно-практическая конференция
_d13
_eБлаговещенск/Хэйхэ
_f2023
_9864248
_3RU\NLR\AUTH\880599655
852 _aNLR
_jП23/9645
942 _cISSUE
980 _aNB
980 _aRUSPER